000 00529nam a2200193Ia 4500
005 20250923144836.0
008 008 250917s9999 xx 000 0 eng d
037 _aTextual
040 _aDSWL
_beng
_cDSWL
041 _aeng
_2eng
084 _aX;9.2'N40p, N62
_qDSWL
245 0 _aTripartite conclusions 1942-1962
_cby Govt. of India
260 _aIndia
_bGovt.of India Press
_c1962
300 _a259p.
365 _aINR
_b6
925 _g6
942 _cTEXL
_hX;9.2'N40p, N62
999 _c1444024
_d1444024